000 03325cam a22012734i 4500
003 PE-LiUPU
005 20250813185315.0
008 130917s2013 mx b 001 0 spa d
020 _a6071714524
020 _a9786071714527
035 _a(Sirsi) i9786071714527
040 _aPE-LiUPU
_bspa
_cPE-LiUPU
_erda
049 _aPRUA
050 4 _aHV6115
_bM44.2
082 0 4 _a364.152
_bM42
_223
100 1 _aMendoza Beivide, Ada Patricia,
_eautor.
245 1 0 _aCómo entender al homicida /
_cAda Patricia Mendoza Beivide.
250 _aPrimera edición.
264 1 _aMéxico :
_bTrillas,
_c[2013].
300 _a148 páginas ;
_c23 centímetros
336 _atext
_2rdacontent
337 _aunmediated
_2rdamedia
338 _avolume
_2rdacarrier
504 _aIncluye índice.
504 _aIncluye referencias bibliográficas : páginas 135-139.
505 0 _aViolencia y agresividad - Infancia -- El cerebro -- Alcohol y drogas -- Aspectos legales -- Los diferentes -- Formas de ser - Predicciones - Víctimas -- Tratamiento.
520 _aExplicación de las conductas del homicida ; relación entre la frustración y la agresión ; situaciones familiares, sociales o emocionales.
526 _aP202
526 _aP201
526 _aP163
526 _aP162
526 _aP161
526 _aP160
526 _aP148
526 _aP147
526 _aP146
526 _aP145
526 _aP144
526 _aP143
526 _aP142
526 _aP141
526 _aP140
526 _aP139
526 _aP138
526 _aP137
526 _aP136
526 _aP135
526 _aP134
526 _aP133
526 _aP129
526 _aP128
526 _aP127
526 _aP120
526 _aP119
526 _aP118
526 _aP116
526 _aP115
526 _aP114
526 _aP110
526 _aP109
526 _aP108
526 _aP104
526 _aP103
526 _aP102
526 _aP99
526 _aP98
526 _aP97
526 _aP96
526 _aP95
526 _aP93
526 _aP90
526 _aP89
526 _aP88
526 _aP83
526 _aP82
526 _aP62
526 _aP59
526 _aP58
526 _aP57
526 _aP51
526 _aP49
526 _aP48
526 _aP47
526 _aP29
526 _aP24
526 _aP20
526 _aP19
526 _aP17
526 _aP15
526 _aP14
526 _aP12
526 _aP10
526 _aP09
526 _aP08
526 _aP07
526 _aP06
526 _aP05
526 _aP04
526 _aP01
650 7 _aDelitos y delincuentes.
_2bidex
650 7 _aHomicidio.
_2bidex
910 _ajck
_cng
942 _2ddc
_cBOOK
949 _a364.152 M42
_wDEWEY
_c1
_i70275
_d2016-5-15
_e2016-5-11
_lCCODEBUL1
_mBUL
_n2
_p19.00
_r0
_sY
_tBOOK
_u2015-7-30
_xSALUD
_PP33
_0COMPRA
_o.STAFF. Colección General
994 _aC0
_bPEPRU
596 _a1
999 _a364.152 M42
_wDEWEY
_c6570
_i70275
_d6570
_e2022-6-20
_f2021-11-3
_g5
_lCCODEBUL1
_mBUL
_n6
_p19.00
_q1
_r0
_sY
_tBOOK
_u2015-7-30
_xSALUD
_PP33
_0COMPRA
_o.STAFF. Colección Ciencias de la Salud
980 _81
_gALBERTO SANCHEZ Responsable de Automatización